000 00504nam a2200169Ia 4500
005 20250923145825.0
008 008 250917s9999 xx 000 0 eng d
037 _aTextual
040 _aDSWL
_beng
_cDSWL
041 _aeng
_2eng
084 _qDSWL
100 _aGautam, N.
_9839304
245 0 _aConcurrent field work in a community setting (A micro study in social work education)
_cby N. Gautam
260 _aDelhi
_bDeptt. of Social Work
_c1989
942 _cTEXL
999 _c1456142
_d1456142